Налогообложение в системе международных экономических отношений: учебное пособие

التفاصيل البيبلوغرافية
المؤلف الرئيسي: Дадалко В. А. Василий Александрович
مؤلفون آخرون: Румянцева Е. Е. Елена Евгеньевна, Демчук Н. Н. Николай Николаевич
اللغة:الروسية
منشور في: Минск, Армита-Маркетинг, 2000
الموضوعات:
التنسيق: كتاب
KOHA link:https://koha.lib.tpu.ru/cgi-bin/koha/opac-detail.pl?biblionumber=26571

MARC

LEADER 00000nam0a2200000 4500
001 26571
005 20231030201659.0
010 |a 9856320712 
035 |a (RuTPU)RU\TPU\book\26815 
035 |a BOOK00026890 
090 |a 26571 
100 |a 20011209d2000 m y0rusy50 ca 
101 0 |a rus 
102 |a BY 
105 |a y j 001zy 
200 1 |a Налогообложение в системе международных экономических отношений  |e учебное пособие  |f В. А. Дадалко, Е. Е. Румянцева, Н. Н. Демчук 
210 |a Минск  |c Армита-Маркетинг  |d 2000 
215 |a 359 с. 
610 1 |a экономика 
610 1 |a Россия 
610 1 |a Беларусь 
610 1 |a внешнеэкономическая деятельность 
610 1 |a международные отношения 
610 1 |a налоги 
610 1 |a налогообложение 
610 1 |a учебные пособия 
686 |a У9(2)826я73  |v LBC/SL-A  |2 rubbk 
700 1 |a Дадалко  |b В. А.  |g Василий Александрович 
701 1 |a Румянцева  |b Е. Е.  |g Елена Евгеньевна 
701 1 |a Демчук  |b Н. Н.  |g Николай Николаевич 
801 0 |a BY  |b 63413507  |c 20011209  |g PSBO 
801 2 |a RU  |b 63413507  |c 20220427  |g PSBO 
942 |c BK